تفاصيل مارك
| 000 -الفاتح |
| حقل البيانات ثابتة الطول |
05572cam a22004694a 4500 |
| 001 - رقم الضبط |
| رقم الضبط |
15327829 |
| 003 - محدد رقم الضبط |
| رقم الضبط |
OSt |
| 005 - وقت وتاريخ اخر تعامل مع التسجيلة |
| رقم الضبط |
20150408114045.0 |
| 008 - عناصر البيانات ثابتة الطول - معلومات عامة |
| حقل البيانات ثابتة الطول |
120623s2010 paua | b 001 0 eng |
| 020 ## - الرقم الدولى المعيارى للكتب |
| الرقم الدولى المعيارى للكتاب |
9781416059400 |
| 020 ## - الرقم الدولى المعيارى للكتب |
| الرقم الدولى المعيارى للكتاب |
1416059407 |
| 020 ## - الرقم الدولى المعيارى للكتب |
| الرقم الدولى المعيارى للكتاب |
9780808924166 (International ed.) |
| 020 ## - الرقم الدولى المعيارى للكتب |
| الرقم الدولى المعيارى للكتاب |
0808924168 (International ed.) |
| 040 ## - مصدر الفهرسة |
| وكالة النسخ |
MU |
| 082 00 - رقم تصنيف ديوى العشرى |
| رقم التصنيف |
618 H A M |
| رقم الطبعة |
22 |
| 245 00 - بيان العنوان |
| العنوان |
Hacker and Moore's essentials of obstetrics and gynecology / |
| بيان المسئوليه,etc |
[edited by] Neville F. Hacker, Joseph C. Gambone, Calvin J. Hobel. |
| 246 30 - العنوان الموازى |
| عنوان صحيح/عنوان مختصر |
Essentials of obstetrics and gynecology |
| 250 ## - بيان الطبعة |
| بيان الطبعة |
5th ed. |
| 260 ## - PUBLICATION, DISTRIBUTION, ETC. (IMPRINT) |
| مكان الناشر او الموزع |
Philadelphia, PA : |
| اسم الناشر او الموزع |
Saunders/Elsevier, |
| تاريخ النشر أو التوزيع |
c2010. |
| 300 ## - الوصف المادى |
| التعداد |
xvi, 475 p. : |
| تفاصيل ماديه اخرى للوعاء |
ill. (chiefly col.) ; |
| أبعاد الوعاء |
26 cm. |
| 500 ## - تبصرة عامة |
| تبصرة عامة |
"A student Consult title"--Cover. |
| 500 ## - تبصرة عامة |
| تبصرة عامة |
Rev. ed. of: Essentials of obstetrics and gynecology / [edited by] Neville F. Hacker, J. George Moore, Joseph C. Gambone. 4th ed. c2004. |
| 504 ## - تبصرة ببليوجرافية |
| تبصرة ببليوجرافية,الخ |
Includes bibliographical references and index. |
| 505 00 - تبصرة محتويات-الفهرس |
| معلومات متنوعة |
Part I: Introduction -- |
| العنوان |
A life-course perspective for women's health care: safe, ethical, and effective practice / |
| بيان المسئولية |
Calvin J. Hobel, Michael C. Lu, and Joseph C. Gambone -- |
| العنوان |
Clinical approach to the patient / |
| بيان المسئولية |
Joseph C. Gambone -- |
| العنوان |
Female reproductive anatomy and embryology / |
| بيان المسئولية |
Joseph C. Gambone -- |
| العنوان |
Female reproductive physiology / |
| بيان المسئولية |
Joseph C. Gambone -- |
| 505 00 - تبصرة محتويات-الفهرس |
| معلومات متنوعة |
Part II: Obstetrics -- |
| العنوان |
Endocrinology of pregnancy and parturition / |
| بيان المسئولية |
Michael C. Lu and Calvin J. Hobel -- |
| العنوان |
Maternal physiologic and immunologic adaptation to pregnancy / |
| بيان المسئولية |
Brian J. Koos, Daniel A. Kahn, and Ozlem Equils -- |
| العنوان |
Antepartum care: preconception and prenatal care, genetic evaluation and teratology, and antenatal fetal assessment / |
| بيان المسئولية |
Michael C. Lu, John Williams III, and Calvin J. Hobel -- |
| العنوان |
Normal labor, delivery, and postpartum care: anatomic considerations, obstetric analgesia and anesthesia, and resuscitation of the newborn / |
| بيان المسئولية |
Calvin J. Hobel and Mark Zakowski -- |
| العنوان |
Fetal surveillance during labor / |
| بيان المسئولية |
Richard A. Bashore and Brian J. Koos -- |
| العنوان |
Obstetric hemorrhage and puerperal sepsis / |
| بيان المسئولية |
Matthew Kim, Robert H. Hayashi, and Joseph C. Gambone -- |
| العنوان |
Uterine contractility and dystocia / |
| بيان المسئولية |
Richard A. Bashore, Dotun Ogunyemi, and Robert H. Hayashi -- |
| العنوان |
Obstetric complications: preterm labor, PROM, IUGR, postterm pregnancy, and IUFD / |
| بيان المسئولية |
Calvin J. Hobel -- |
| العنوان |
Multifetal gestation and malpresentation / |
| بيان المسئولية |
Maryam Tarsa and Thomas R. Moore -- |
| العنوان |
Hypertensive disorders of pregnancy / |
| بيان المسئولية |
Lony C. Castro -- |
| العنوان |
Rhesus isoimmunization / |
| بيان المسئولية |
Lony C. Castro -- |
| العنوان |
Common medical and surgical conditions complicating pregnancy / |
| بيان المسئولية |
Lony C. Castro and Dotun Ogunyemi -- |
| العنوان |
Obstetric procedures / |
| بيان المسئولية |
Gladys A. Ramos and Thomas R. Moore -- |
| 505 00 - تبصرة محتويات-الفهرس |
| معلومات متنوعة |
Part III: Gynecology -- |
| العنوان |
Congenital anomalies and benign conditions of the vulva and vagina / |
| بيان المسئولية |
Anita L. Nelson and Joseph C. Gambone -- |
| العنوان |
Congenital anomalies and benign conditions of the uterine corpus and cervix / |
| بيان المسئولية |
Anita L. Nelson and Joseph C. Gambone -- |
| العنوان |
Congenital anomalies and benign conditions of the ovaries and fallopian tubes / |
| بيان المسئولية |
Anita L. Nelson and Joseph C. Gambone -- |
| العنوان |
Pelvic pain / |
| بيان المسئولية |
Andrea J. Rapkin and Joseph C. Gambone -- |
| العنوان |
Vulvovaginitis, sexually transmitted infections, and pelvic inflammatory disease / |
| بيان المسئولية |
James A. McGregor and Joel B. Lench -- |
| العنوان |
Genitourinary dysfunction: pelvic organ prolapse, urinary incontinence, and infections / |
| بيان المسئولية |
Christopher M. Tarnay and Narender N. Bhatia -- |
| العنوان |
Ectopic pregnancy / |
| بيان المسئولية |
Mousa Shamonki, Anita L. Nelson, and Joseph C. Gambone -- |
| العنوان |
Endometriosis and adenomyosis / |
| بيان المسئولية |
Joseph C. Gambone -- |
| العنوان |
Family planning: reversible contraception, sterilization, and abortion / |
| بيان المسئولية |
Anita L. Nelson -- |
| العنوان |
Sexuality and female sexual dysfunction / |
| بيان المسئولية |
Joseph C. Gambone -- |
| العنوان |
Family and intimate partner violence, and sexual assault / |
| بيان المسئولية |
Bruce B. Ettinger and Joseph C. Gambone -- |
| العنوان |
Breast disease: a gynecologic perspective / |
| بيان المسئولية |
Neville F. Hacker and Michael L. Friedlander -- |
| العنوان |
Gynecologic procedures / |
| بيان المسئولية |
Joseph C. Gambone -- |
| 505 00 - تبصرة محتويات-الفهرس |
| معلومات متنوعة |
Part IV: Reproductive endocrinology and infertility -- |
| العنوان |
Puberty and disorders of pubertal development / |
| بيان المسئولية |
Margareta D. Pisarska ... [et al.] -- |
| العنوان |
Amenorrhea, oligomenorrhea, and hyperandrogenic disorders / |
| بيان المسئولية |
Carolyn J. Alexander ... [et al.] -- |
| العنوان |
Dysfunctional uterine bleeding / |
| بيان المسئولية |
Joseph C. Gambone -- |
| العنوان |
Infertility and assisted reproductive technologies / |
| بيان المسئولية |
David R. Meldrum -- |
| العنوان |
Climacteric: menopause and peri- and postmenopause / |
| بيان المسئولية |
Larry R. Laufer and Joseph C. Gambone -- |
| العنوان |
Menstrual cycle-influenced disorders / |
| بيان المسئولية |
Larry R. Laufer and Joseph C. Gambone -- |
| 505 00 - تبصرة محتويات-الفهرس |
| معلومات متنوعة |
Part V: Gynecologic oncology -- |
| العنوان |
Principles of cancer therapy / |
| بيان المسئولية |
Neville F. Hacker -- |
| العنوان |
Cervical dysplasia and cancer / |
| بيان المسئولية |
Neville F. Hacker -- |
| العنوان |
Ovarian cancer / |
| بيان المسئولية |
Jonathan S. Berek -- |
| العنوان |
Vulvar and vaginal cancer / |
| بيان المسئولية |
Neville F. Hacker -- |
| العنوان |
Uterine corpus cancer / |
| بيان المسئولية |
Neville F. Hacker -- |
| العنوان |
Gestational trophoblastic neoplasia / |
| بيان المسئولية |
Jonathan S. Berek. |
| 650 #4 - المدخل الاضافى بالموضوع-مصطلح موضوعى |
| مصطلح موضوعي أو اسم جغرافي كعنصر مدخل |
Gynecology. |
| 9 (RLIN) |
15876 |
| 650 #4 - المدخل الاضافى بالموضوع-مصطلح موضوعى |
| مصطلح موضوعي أو اسم جغرافي كعنصر مدخل |
Obstetrics. |
| 650 #4 - المدخل الاضافى بالموضوع-مصطلح موضوعى |
| مصطلح موضوعي أو اسم جغرافي كعنصر مدخل |
Obstetrics. |
| 650 #4 - المدخل الاضافى بالموضوع-مصطلح موضوعى |
| مصطلح موضوعي أو اسم جغرافي كعنصر مدخل |
Genital Diseases, Female. |
| 650 #4 - المدخل الاضافى بالموضوع-مصطلح موضوعى |
| مصطلح موضوعي أو اسم جغرافي كعنصر مدخل |
Pregnancy Complications. |
| 700 1# - المدخل الاضافى - اسم شخصى |
| الإسم الشخصى |
Hacker, Neville F. |
| 9 (RLIN) |
15945 |
| 700 1# - المدخل الاضافى - اسم شخصى |
| الإسم الشخصى |
Gambone, Joseph C. |
| 9 (RLIN) |
15946 |
| 700 1# - المدخل الاضافى - اسم شخصى |
| الإسم الشخصى |
Hobel, Calvin J. |
| 9 (RLIN) |
15947 |
| 730 0# - المدخل الاضافى- عنوان موحد |
| عنوان موحد |
Essentials of obstetrics and gynecology. |
| 9 (RLIN) |
15948 |
| 856 41 - الوصول و الموقع الالكترونى |
| مواد محددة |
Table of contents only |
| معرف المصدر الموحد |
<a href="http://www.loc.gov/catdir/toc/ecip0820/2008025860.html">http://www.loc.gov/catdir/toc/ecip0820/2008025860.html</a> |
| 906 ## - عنصر بيانات محلى F, LDF (RLIN) |
| a |
7 |
| b |
cbc |
| c |
orignew |
| d |
1 |
| e |
ecip |
| f |
20 |
| g |
y-gencatlg |
| 942 ## - عناصر المدخل الإضافي( كوها) |
| مصدر التصنيف او مخطط الترفيف |
Dewey Decimal Classification |
| Koha [default] item type |
DVD |